| 000 | 00354 a2200097 4500 | ||
|---|---|---|---|
| 245 | 0 | 0 |
_aAkumulatory elektryczne. Terminologia - PN-88/E-01004 / _cCentralne Laboratorium Akumulatorów i Ogniw. |
| 246 | 1 | 3 | _aPN-88/E-01004 |
| 246 | 1 | 3 | _a621.355;001.4 |
| 260 |
_aWarszawa : _bCentralne Laboratorium Akumulatorów i Ogniw, _c1988. |
||
| 300 |
_a21 stron ; _c30 cm. |
||
| 650 | _aPolska norma | ||
| 999 |
_c19873 _d19873 |
||